| 000 | 00482 a2200133 4500 | ||
|---|---|---|---|
| 245 |
_asisters of Henry VIII _b : the tumultuous lives of Margaret of Scotland and Mary of France _hprint |
||
| 020 | _a0312242417 | ||
| 250 | _a1st U.S. ed. | ||
| 005 | 20191021100213.0 | ||
| 260 |
_anyu _bSt. Martin's Press _c1999 |
||
| 084 | _aDA784.3.M3 P47 1999 | ||
| 300 |
_axvii, 266 p., [16] p. of plates : ill. _b 25 cm. _cxvii, 266 p., [16] p. of plates : ill. ; 25 cm. |
||
| 500 | _aMaria Perry. | ||
| 999 |
_c13199 _d13199 |
||